000 00548nam a2200193 a 4500
001 1769511816614
003 YourLibrary
005 20260127164608.0
008 260127s2001##################000#0#eng##
020 _a9781840645118
082 0 4 _a331.13794
_bBUT
100 1 _aButi, Marco,
_eauthor.
245 1 0 _aTaxation, Welfare, and the Crisis of Unemployment in Europe :
260 _bEdward Elgar Publishing,
_c2001.
300 _a328 pages
650 0 _aBusiness & Economics.
942 _cENGLISH
040 _aYourLibrary
_beng
_cYourLibrary
999 _c609210
_d609210